| 000 | 00514nam a2200181 a 4500 | ||
|---|---|---|---|
| 005 | 20140310183502.0 | ||
| 008 | 100906s19uu xx 00 eng d | ||
| 020 | _a9781605471365 | ||
| 050 |
_aRT 65 _b.N826 2008 |
||
| 245 | _aUnderstanding diseases. | ||
| 260 |
_aPhiladelphia : _bWolters Kluwer/Lippincott Williams & Wilkins, _c2008. |
||
| 300 |
_a732 p. : _bill. ; _c21 cm. |
||
| 440 | _aNursing | ||
| 521 | _aNUR | ||
| 650 |
_aDiseases _xHandbooks, manuals, etc. |
||
| 942 |
_cBK _2lcc _kFOR |
||
| 999 |
_c23955 _d23955 |
||